| 000 | 01163njm a22002657a 4500 | ||
|---|---|---|---|
| 005 | 20100914160511.0 | ||
| 006 | a|||||r|||||00| 0 | ||
| 007 | sd ammalaaahaa | ||
| 008 | 100901t xxu||||| |||| 00| 0 eng d | ||
| 028 |
_aEALP. 1297 _bHis Master's Voice |
||
| 035 | _aGR-02371 | ||
| 040 |
_aSED _cSED |
||
| 100 |
_aSubbulakshmi, M.S. _917891 |
||
| 245 |
_aMeera bhajans / _cby M.S. Subbulakshmi _h[Sound recording] |
||
| 246 | _aमीरा भजन / म. स. सुब्बुलक्ष्मी द्वारा | ||
| 260 |
_aDum Dum, India _bHis Master's Voice _c1965 |
||
| 300 |
_a1 Sound disc [Gramophone Recording] : _banalog, 33 1/3 rpm _c12 in. (LP) _fGramophone Record |
||
| 500 | _aBrief record | ||
| 500 | _aRecord Labels : His Master's Voice, Red | ||
| 505 | _aSide-1 मेरे तो गिरिधर (Mere to giridhar) (M.S. Subbulakshmi) --Side-2 बसों मोरे (Baso More) (M.S. Subbulakshmi) | ||
| 600 |
_aSubbulakshmi, M.S. _919718 |
||
| 650 |
_aBhajans _xExcerpts _zIndia _917892 |
||
| 942 |
_2ddc _cGR |
||
| 999 |
_c45802 _d45802 |
||